Banned Books by Plot - Statistics

General Stats
  • This quiz has been taken 86 times
    67 since last reset
  • The average score is 6 of 13
Answer Stats
Hint Answer % Correct
Young wizard learns to defeat noseless dark Lord Harry Potter
90%
Black man is wrongly accused of raping a woman To Kill a Mockingbird
87%
Girl participates in deadly competition to save her sister The Hunger Games
81%
British boys are stranded on a deserted island and try to govern themselves Lord of the Flies
77%
Autobiographical beliefs, political ideology, and plans for Germany by a certain dictator Mein Kampf
71%
Worker for the Party secretly hates it Nineteen Eighty-Four
69%
Okie tenant farmers set out to California on the mother road The Grapes of Wrath
53%
Two migrant workers search for jobs during the Great Depression Of Mice and Men
39%
Young Afghan boy confronts his past and finds redemption The Kite Runner
32%
Mentally disabled man gets an operation to increase his intelligence Flowers for Algernon
23%
Traveler tasks you to find him in postcards Where's Wally?
8%
Orphan and his buddy attempt to find stolen gold The Adventures of Tom Sawyer
5%
Teenage students plan to kidnap their strict English teacher Killing Mr. Griffin
2%
No matching quizzes found
Score Distribution
Percent of People with Each Score
Percentile by Number Answered
Your Score History
You have not taken this quiz since the last reset